[Event "CZE-ch (Women)"]
[Site "Ostrava"]
[Date "2024.05.01"]
[Round "2.4"]
[White "Sikorova, Olga"]
[Black "Kanakova, Natalie"]
[Result "0-1"]
[WhiteElo "2167"]
[BlackElo "2188"]
[PlyCount "52"]
[EventDate "2024.04.28"]
[EventType "k.o."]
[EventRounds "4"]
[EventCountry "CZE"]
[SourceTitle "CB19_2024"]
[SourceDate "2024.05.08"]
[SourceVersion "1"]
[SourceVersionDate "2024.05.08"]
[SourceQuality "1"]

1. Nf3 f5 2. c4 d6 3. Nc3 Nf6 4. d3 e5 5. e4 Be7 6. g3 0-0 7. Bg2 c6 8. h3 Qe8 9. Bd2 Na6 10. Qe2 Nc5 11. b4 Na6 12. a3 Nc7 13. Nh4 f4 14. gxf4 exf4 15. Nf3 a5 16. Qd1 axb4 17. axb4 Rxa1 18. Qxa1 d5 19. cxd5 cxd5 20. Qb2 dxe4 21. Nxe4 Nxe4 22. dxe4 Qg6 23. Bf1 Qxe4+ 24. Be2 Bf6 25. Qc1 Re8 26. Qd1 Qxf3 0-1

[Event "CZE-ch (Women)"]
[Site "Ostrava"]
[Date "2024.04.30"]
[Round "2.1"]
[White "Kanakova, Natalie"]
[Black "Sikorova, Olga"]
[Result "1/2-1/2"]
[WhiteElo "2188"]
[BlackElo "2167"]
[PlyCount "147"]
[EventDate "2024.04.28"]
[EventType "k.o."]
[EventRounds "4"]
[EventCountry "CZE"]
[SourceTitle "CB19_2024"]
[SourceDate "2024.05.08"]
[SourceVersion "1"]
[SourceVersionDate "2024.05.08"]
[SourceQuality "1"]

1. e4 e6 2. d4 d5 3. Nc3 Bb4 4. e5 c5 5. a3 Bxc3+ 6. bxc3 Qa5 7. Bd2 Qa4 8. h4 Nc6 9. h5 h6 10. Nf3 Bd7 11. Rh4 c4 12. Rf4 g5 13. hxg6 fxg6 14. Nh4 Nce7 15. Qg4 0-0-0 16. Nxg6 Nxg6 17. Qxg6 Ne7 18. Qf7 Nc6 19. Kd1 b5 20. g3 Rde8 21. Bh3 h5 22. Rf6 Nd8 23. Qg7 Qa6 24. Qg5 Nc6 25. Rh6 Rhf8 26. Qe3 Rh8 27. Rxh8 Rxh8 28. Qf4 Re8 29. Qh4 Rh8 30. Kc1 Qb6 31. Qf6 Re8 32. Qh6 a5 33. Qxh5 b4 34. axb4 axb4 35. cxb4 Qxd4 36. c3 Qxf2 37. Ra8+ Nb8 38. Qg5 Kb7 39. Ra2 Rh8 40. Bg4 Rh1+ 41. Kb2 Qg1 42. Bc1 Qxg3 43. Be2 Qe1 44. Qe3 Kc8 45. Ra8 d4 46. cxd4 Qxb4+ 47. Ka2 Ba4 48. Qa3 Bb3+ 49. Kb1 Qxa3 50. Rxa3 Re1 51. Bxc4 Bxc4 52. Rc3 Kd7 53. Rxc4 Nc6 54. Kc2 Ne7 55. Bd2 Ra1 56. Rc3 Ra4 57. Kd3 Nf5 58. Be3 Nxe3 59. Kxe3 Ra1 60. Kd3 Rd1+ 61. Ke4 Rd2 62. Rh3 Rd1 63. Rh7+ Ke8 64. Ra7 Kd8 65. Rh7 Ke8 66. Kf4 Rg1 67. Ra7 Kd8 68. Ke4 Rd1 69. Kf4 Rg1 70. d5 Rf1+ 71. Ke4 Re1+ 72. Kf4 Rf1+ 73. Ke4 Re1+ 74. Kf4 1/2-1/2

[Event "EU-chT (Women) 24th"]
[Site "Budva"]
[Date "2023.11.18"]
[Round "7.4"]
[White "Sikorova, Olga"]
[Black "Vanhuyse, Nele"]
[Result "1-0"]
[WhiteElo "2183"]
[BlackElo "1970"]
[PlyCount "114"]
[EventDate "2023.11.11"]
[EventType "team-swiss"]
[EventRounds "9"]
[EventCountry "MNE"]
[SourceTitle "CB47_2023"]
[SourceDate "2023.11.22"]
[SourceVersion "1"]
[SourceVersionDate "2023.11.22"]
[SourceQuality "1"]
[WhiteTeam "Czech Republic (W)"]
[BlackTeam "Belgium (W)"]
[WhiteTeamCountry "CZE"]
[BlackTeamCountry "BEL"]

1. Nf3 g6 2. c4 Bg7 3. Nc3 e5 4. d4 exd4 5. Nxd4 Nc6 6. Nxc6 bxc6 7. e4 Qe7 8. Bd3 Nf6 9. 0-0 0-0 10. Bf4 d6 11. Qd2 Rb8 12. b3 Nd7 13. Bc2 Nc5 14. Rae1 Re8 15. Be3 Ba6 16. Ne2 Ra8 17. Ng3 Ne6 18. f4 c5 19. e5 dxe5 20. f5 Nd4 21. Be4 Rad8 22. Qa5 Qd6 23. Bd5 Bc8 24. fxg6 Rf8 25. Rxf7 Rxf7 26. gxf7+ Kh8 27. Ne4 Qg6 28. Bxd4 cxd4 29. Qxc7 Rf8 30. Qd6 Bf5 31. Qxg6 Bxg6 32. c5 Bxf7 33. Bxf7 Rxf7 34. g4 Kg8 35. b4 Rb7 36. c6 Rc7 37. b5 Kf7 38. Nc5 Ke7 39. Na6 Rc8 40. Kf2 Kd6 41. Rc1 e4 42. c7 Rf8+ 43. Ke1 Rc8 44. Rc6+ Ke5 45. b6 axb6 46. Rxb6 d3 47. Rb8 Rxc7 48. Nxc7 Bh6 49. g5 Bxg5 50. Rb5+ Kf6 51. Rxg5 Kxg5 52. Kd2 Kf4 53. Nd5+ Ke5 54. Ne3 Kd4 55. h4 h5 56. Nf1 Kc4 57. Ke3 Kd5 1-0

[Event "Skalica op-A"]
[Site "Skalica"]
[Date "2023.08.22"]
[Round "4"]
[White "Babula, Vlastimil1111"]
[Black "Sikorova, Olga"]
[Result "1-0"]
[WhiteElo "2297"]
[BlackElo "2153"]
[PlyCount "55"]
[EventDate "2023.08.19"]
[EventType "swiss"]
[EventRounds "9"]
[EventCountry "SVK"]
[SourceTitle "CBM 215 Extra"]
[Source "ChessBase"]
[SourceDate "2023.09.30"]
[SourceVersion "1"]
[SourceVersionDate "2023.09.30"]
[SourceQuality "1"]

1. e4 c5 2. Nc3 e6 3. Nge2 a6 4. g3 b5 5. Bg2 Bb7 6. 0-0 d6 7. d3 Nc6 8. f4 b4 9. Nb1 Be7 10. Nd2 Nf6 11. h3 Nd7 12. Nf3 Qb6 13. Be3 e5 14. c3 0-0 15. f5 Na5 16. c4 Nc6 17. g4 Nd4 18. g5 Qd8 19. h4 f6 20. Qd2 Nb8 21. Ng3 Bc6 22. g6 hxg6 23. fxg6 f5 24. Nxd4 cxd4 25. Qe2 fxe4 26. Qh5 Rxf1+ 27. Rxf1 Bf6 28. Nf5 1-0

[Event "Skalica op-A"]
[Site "Skalica"]
[Date "2023.08.21"]
[Round "3"]
[White "Finek, Vaclav"]
[Black "Sikorova, Olga"]
[Result "0-1"]
[WhiteElo "2430"]
[BlackElo "2153"]
[PlyCount "170"]
[EventDate "2023.08.19"]
[EventType "swiss"]
[EventRounds "9"]
[EventCountry "SVK"]
[SourceTitle "CBM 215 Extra"]
[Source "ChessBase"]
[SourceDate "2023.09.30"]
[SourceVersion "1"]
[SourceVersionDate "2023.09.30"]
[SourceQuality "1"]

1. d4 Nf6 2. g3 c5 3. d5 e6 4. Nc3 exd5 5. Nxd5 Nxd5 6. Qxd5 Nc6 7. c3 d6 8. Nh3 Be7 9. Bg2 Be6 10. Qd1 g5 11. e4 h6 12. f4 Qd7 13. Nf2 gxf4 14. Bxf4 Ne5 15. Bxe5 dxe5 16. Qxd7+ Bxd7 17. Bh3 Bc6 18. Bf5 h5 19. Ke2 Rd8 20. Rad1 c4 21. b3 b5 22. Nh3 cxb3 23. axb3 a5 24. Ra1 a4 25. Rhb1 Rh6 26. Ng1 Rhd6 27. Nf3 f6 28. bxa4 bxa4 29. c4 Ra8 30. c5 Rdd8 31. Rb6 Bd7 32. Bxd7+ Rxd7 33. c6 Rc7 34. Nd2 Bc5 35. Rb5 Bd4 36. Ra2 Rxc6 37. Rb4 a3 38. Nc4 Bc5 39. Rb7 Ra4 40. Nd2 Be7 41. Rb3 Kf7 42. Rb7 Ke6 43. Rb3 Bb4 44. Nb1 Rca6 45. Kf3 Bc5 46. Rc3 Kd6 47. Rb3 Ke6 48. Rc3 Bd6 49. Nd2 f5 50. exf5+ Kxf5 51. Nc4 e4+ 52. Ke2 Be7 53. Ne3+ Ke5 54. Rc7 Ke6 55. Rb7 R6a5 56. Rb6+ Kf7 57. Nc2 Rc4 58. Kd1 Rd5+ 59. Ke2 Ra5 60. Kd1 Rc3 61. Rb7 Ke8 62. Rb8+ Kd7 63. Rb7+ Kd8 64. Rb8+ Kc7 65. Re8 Kd7 66. Rb8 e3 67. Rb7+ Kd8 68. Ne1 Rf5 69. Ra7 Rf2 70. Re2 Bc5 71. Ra5 Rf1 72. Ra6 Kc7 73. Ra4 Kb6 74. h3 Kb5 75. Ra8 Bb4 76. Rb8+ Ka4 77. Ra8+ Kb3 78. Rb8 a2 79. Rxb4+ Kxb4 80. Rxa2 Rf2 81. Nc2+ Kc5 82. g4 Rd2+ 83. Kc1 hxg4 84. hxg4 Kc4 85. Kb1 Rd1+ 0-1

[Event "CZE-ch (Women)"]
[Site "Jaromerice nad Rokytnou"]
[Date "2022.05.27"]
[Round "7"]
[White "Nemcova, Karin"]
[Black "Sikorova, Olga"]
[Result "1-0"]
[WhiteElo "2181"]
[BlackElo "2173"]
[PlyCount "72"]
[EventDate "2022.05.21"]
[EventType "tourn"]
[EventRounds "9"]
[EventCountry "CZE"]
[SourceTitle "CBM 208 Extra"]
[Source "ChessBase"]
[SourceDate "2022.07.31"]
[SourceVersion "1"]
[SourceVersionDate "2022.07.31"]
[SourceQuality "1"]

1. e4 e6 2. d4 d5 3. Nc3 Bb4 4. Nge2 dxe4 5. a3 Be7 6. Nxe4 Nf6 7. Nxf6+ Bxf6 8. Be3 Nc6 9. Qd2 Ne7 10. Nf4 Nf5 11. 0-0-0 Nxe3 12. fxe3 g6 13. Qf2 0-0 14. h4 c5 15. g4 cxd4 16. exd4 Bg7 17. Bc4 b5 18. Ba2 a5 19. g5 b4 20. a4 b3 21. Bxb3 Rb8 22. Qe3 Bd7 23. d5 Rxb3 24. Qxb3 Qc7 25. d6 Qa7 26. Nd3 Rb8 27. Qc4 Rc8 28. Qf4 Bd4 29. Kb1 Bxa4 30. b3 Qb6 31. Nb2 Bxb3 32. cxb3 e5 33. d7 Rd8 34. Qf6 Qc7 35. h5 gxh5 36. Rxh5 Rxd7 1-0

[Event "Mitropa Cup (Women)"]
[Site "Corte"]
[Date "2022.05.02"]
[Round "3.3"]
[White "Sikorova, Olga"]
[Black "Bashylina, Luisa"]
[Result "1/2-1/2"]
[WhiteElo "2179"]
[BlackElo "2043"]
[PlyCount "147"]
[EventDate "2022.04.30"]
[EventType "team-tourn"]
[EventRounds "9"]
[EventCountry "FRA"]
[SourceTitle "CBM 208 Extra"]
[Source "ChessBase"]
[SourceDate "2022.07.31"]
[SourceVersion "1"]
[SourceVersionDate "2022.07.31"]
[SourceQuality "1"]
[WhiteTeam "Czech Republic (W)"]
[BlackTeam "Germany (W)"]
[WhiteTeamCountry "CZE"]
[BlackTeamCountry "GER"]

1. Nf3 Nf6 2. c4 g6 3. Nc3 d5 4. cxd5 Nxd5 5. e4 Nxc3 6. dxc3 Qxd1+ 7. Kxd1 Nd7 8. Bf4 Nc5 9. Nd2 c6 10. Kc2 Bg7 11. Be3 Nd7 12. a4 0-0 13. h3 f5 14. Bc4+ Kh8 15. f3 Ne5 16. Bb3 fxe4 17. fxe4 b6 18. Nc4 Ba6 19. Nxe5 Bxe5 20. Rhd1 Rad8 21. a5 Rxd1 22. Rxd1 Bf1 23. Rd2 c5 24. h4 c4 25. Ba4 Bd3+ 26. Rxd3 cxd3+ 27. Kxd3 Rc8 28. a6 Kg7 29. Bb3 Rc6 30. Bd5 Rd6 31. Kc4 e6 32. Bb7 Bf6 33. Kb5 e5 34. g3 Bd8 35. Bd5 h6 36. c4 Rf6 37. Bd2 Bc7 38. g4 g5 39. hxg5 hxg5 40. Bxg5 Rg6 41. Be7 Bd6 42. Bxd6 Rxd6 43. b4 Kf8 44. Bc6 Ke7 45. c5 bxc5 46. Kxc5 Rd1 47. b5 Ke6 48. Bd5+ Kd7 49. Bc4 Kc7 50. Bf7 Rf1 51. Be8 Rf4 52. Kd5 Rxg4 53. Kxe5 Rg8 54. Bc6 Rf8 55. Kd5 Rf1 56. e5 Rd1+ 57. Ke6 Re1 58. Kf6 Rf1+ 59. Ke7 Re1 60. e6 Re2 61. Kf7 Rf2+ 62. Ke7 Re2 63. Kf6 Rf2+ 64. Ke5 Re2+ 65. Be4 Rb2 66. Bd3 Rb3 67. Bc4 Rb1 68. Kd5 Re1 69. Kc5 Re5+ 70. Bd5 Re1 71. Kd4 Kd6 72. Bc4 Re5 73. Kc3 Re1 74. Kd4 1/2-1/2

[Event "Titled Tuesday intern op 01st Mar Early"]
[Site "Chess.com INT"]
[Date "2022.03.01"]
[Round "5"]
[White "Piliczewski, Bogusz"]
[Black "Sikorova, Olga"]
[Result "1-0"]
[WhiteElo "1938"]
[BlackElo "2173"]
[PlyCount "103"]
[EventDate "2022.03.01"]
[EventType "swiss (blitz)"]
[EventRounds "11"]
[EventCountry "USA"]
[SourceTitle "CBM 207 Extra"]
[Source "ChessBase"]
[SourceDate "2022.05.31"]
[SourceVersion "1"]
[SourceVersionDate "2022.05.31"]
[SourceQuality "1"]

1. d4 Nf6 2. Nf3 g6 3. Bf4 Bg7 4. e3 0-0 5. h3 c5 6. c3 b6 7. Be2 Bb7 8. 0-0 d6 9. Nbd2 Nbd7 10. a4 a6 11. Bh2 Ra7 12. b4 Qa8 13. Qb3 Rc8 14. Bc4 Bd5 15. Bxd5 Qxd5 16. Qxd5 Nxd5 17. bxc5 bxc5 18. c4 Nb4 19. Rab1 a5 20. Rfc1 Rb7 21. Nb3 Ra8 22. Rd1 cxd4 23. exd4 Nb6 24. Nxa5 Rxa5 25. Rxb4 Rxa4 26. Rdb1 Rxb4 27. Rxb4 Rb8 28. c5 Nd7 29. Rxb8+ Nxb8 30. cxd6 exd6 31. Bxd6 Nc6 32. Bc5 f5 33. Kf1 Kf7 34. Ke2 Ke6 35. Kd3 Kd5 36. Bb6 f4 37. g3 fxg3 38. fxg3 Ne7 39. Ng5 Nf5 40. Nxh7 Nxd4 41. Bxd4 Bxd4 42. Nf8 Bf2 43. g4 g5 44. Nh7 Bh4 45. Nf6+ Ke5 46. Nh5 Be1 47. Ke3 Ba5 48. Ng3 Bb6+ 49. Kf3 Bd8 50. Ne4 Kd4 51. Nd6 Ke5 52. Nf7+ 1-0